LEADER 01068nam a2200241 a 4500 001 000000145210 003 CaOOAMICUS 005 20150723131723.0 008 150723s1977 it u000 u ita r 040 $aPUL$bita 100 1 $aFabris, Rinaldo,$d1936-$0(OLS)http://pul/name/1111 245 10$aAl servizio della comunità :$bseconda lettera di Paolo ai Corinzi /$cRinaldo Fabris. 260 $aLeumann (Torino) :$bElle Di Ci$g1977 300 $a159 p. ;$c19 cm 490 1 $aCommenti al Nuovo Testamento 630 04$aBiblia.$pN.T.$pAd Corinthios II$xCritica, interpretazione, ecc.$0(OLS)http://pul/subject/9113 830 0$aCommenti al Nuovo Testamento.$0(OLS)http://pul/title/183645 850 $aPUL 852 $aPUL$W1$xDP1 Fondo S. Lanza$y121$m3 L 32$j167880$qFondi$B168439$CPULBib$Z2$F168439 $HLan526 $82 941 1 $a1 996 $6245$aAl servizio della comunità :$bseconda lettera di Paolo ai Corinzi$9(OLS)http://pul/title/183644 996 $6260$aLeumann (Torino) :$bElle Di Ci$9(OLS)http://pul/publisher/53685 LEADER 01410nam a2200325 a 4500 001 000000170878 003 CaOOAMICUS 005 20181130125758.0 008 181130s2000 it u000 u ita r 020 $a88-420-6125-5* 032 $aLibriCat 040 $aPUL$bita 082 04$a006.3 100 1 $aCastelfranchi, Yurij.$0(OLS)http://pul/name/109894 245 10$aMacchine come noi : $bla scommessa dell'intelligenza artificiale / $cYurij Castelfranchi, Oliviero Stock . 260 $aBari ; Roma :$bGius. Laterza & figli,$c©2000. 300 $a117 p. ;$c21 cm. 490 1 $aEconomica Laterza ;$v288 504 $aBibliografia nelle note finali. 650 4$aIntelligenza artificiale.$0(OLS)http://pul/subject/22435 700 1 $aStock, Oliviero.$0(OLS)http://pul/name/109895 830 0$aEconomica Laterza ;$v288.$0(OLS)http://pul/title/39309 850 $aPUL 852 $aPUL$W1$xDP2 Cons. Gen., Altre Classi 3$y97$m006. 3 CASYO 1$j194103$qDDC 21$B199396$CPULBib$Z2$F199396 $H131801 $81 941 1 $a9 996 $6020$a88-420-6125-5*$9(OLS)http://pul/number/165446 996 $6082$a006.3$9(OLS)http://pul/classification/2488 996 $6245$aMacchine come noi : $bla scommessa dell'intelligenza artificiale / $9(OLS)http://pul/title/211721 996 $6260$aBari ; Roma :$bGius. Laterza & figli$9(OLS)http://pul/publisher/81307